| 000 | 01633nam a2200325Ia 4500 | ||
|---|---|---|---|
| 999 |
_c55014 _d55014 |
||
| 001 | 22085 | ||
| 003 | GE_BSU | ||
| 005 | 20221021110641.0 | ||
| 008 | 181216s ||||ge |||||||||||||| ||geo|| | ||
| 020 | _a9789941132445 | ||
| 040 | _cGE_BSU | ||
| 041 | _ageo | ||
| 080 | _a27-242:902 ლ-85 | ||
| 100 |
_aლორთქიფანიძე, გურამ _915412 |
||
| 245 |
_aბიბლიური არქეოლოგია / _cგურამ ლორთქიფანიძე, მარიკა მშვილდაძე. |
||
| 264 |
_aთბილისი : _bთბილ. უნ-ტის გამ-ბა, _c2012. |
||
| 300 |
_a288 გვ. : _bტაბ. ; _c25 სმ. |
||
| 500 | _aეძღვნება სრ. საქ. კათოლიკოს-პატრიარქის ილია II-ის აღსაყდრების 35 წლისთავს | ||
| 501 | _aსაძიებლები გვ. : 228-247 | ||
| 501 | _aტაბულები გვ. : 255-284 | ||
| 504 | _aბიბლიოგრაფია გვ. : 248-253 | ||
| 520 | _aეძღვნება სრ. საქ. კათოლიკოს-პატრიარქის ილია II-ის აღსაყდრების 35 წლისთავს. | ||
| 541 | _h17ლ.90თ. | ||
| 653 | _aარქეოლოგია | ||
| 653 | _aბიბლიური არქეოლოგია | ||
| 653 | _aრელიგია | ||
| 653 | _aბიბლია | ||
| 700 |
_aმშვილდაძე, მარიკა _eავტორი _915413 |
||
| 942 |
_cBK _2udc |
||